000
00253nam a22001097a 4500
082
_a
001
_b
BRI/W
100
_a
BRICKER, HARRY
245
_a
WORDS TO KNOW
260
_a
USA
_b
STANDARD EDUCATIONAL CORPORATION
650
_a
GENERAL KNOWLEDGE
_z
USA
942
_c
BK
999
_c
2912
_d
2912